[Event "17th Aeroflot Open-A 2019"]
[Site "Moscow"]
[Date "2019.02.20"]
[Round "1.19"]
[White "Pourramezanali, Amirreza"]
[Black "Alekseenko, Kirill"]
[Result "0-1"]
[WhiteElo "2529"]
[BlackElo "2634"]
[Annotator "RC"]
[PlyCount "54"]
[EventDate "2019.02.19"]
[EventCountry "RUS"]
[SourceTitle "playchess.com"]
[Source "ChessBase"]
[SourceQuality "1"]
[TimeControl "40/5400+30:1800+30"]

1. e4 {[%emt 0:00:00]} e5 {[%emt 0:00:00]} 2. Nf3 {[%emt 0:00:00]} Nc6 {[%emt 0:00:14]} 3. Bc4 {[%emt 0:00:00]} Bc5 {[%emt 0:00:30]} 4. c3 {[%emt 0:00:00]} Nf6 {[%emt 0:00:25]} 5. d3 {[%emt 0:00:00]} d6 {[%emt 0:00:24]} 6. O-O {[%emt 0:00:14]} O-O {[%emt 0:00:27]} 7. Nbd2 {[%emt 0:00:11]} a5 {[%emt 0:00:23]} 8. a4 {[%emt 0:00:06]} Ne7 {[%emt 0:01:43]} 9. Re1 {[%emt 0:00:55]} Ng6 {[%emt 0:01:19]} 10. Nf1 {[%emt 0:00:27]} c6 {[%emt 0:00:41]} 11. Ng3 {[%emt 0:08:05]} d5 {[%emt 0:00:15]} 12. exd5 {[%emt 0:13:40]} cxd5 {[%emt 0:00:06]} 13. Ba2 {[%emt 0:00:56]} Bd6 {[%emt 0:01:31]} 14. Bg5 {[%emt 0:02:21]} Be6 {[%emt 0:00:15]} 15. Nh4 {[%emt 0:15:24]} Qd7 {[%emt 0:22:26]} 16. Bxf6 {[%emt 0:12:38]} gxf6 {[%emt 0:00:19]} 17. Qh5 {[%emt 0:00:38]} Kh8 {[%emt 0:00:32]} 18. Nhf5 {[%emt 0:00:38]} Rg8 {[%emt 0:02:34]} 19. Nxd6 {[%emt 0:01:01]} Qxd6 {[%emt 0:00:14]} 20. Qh6 {[%emt 0:02:21]} Rac8 {[%emt 0:16:19]} 21. Nh5 {[%emt 0:05:22]} Bg4 {[%emt 0:02:14]} 22. g3 {[%emt 0:06:07]} Rc6 {[%emt 0:07:14]} 23. Bb3 {[%emt 0:01:01]} Nh4 {[%emt 0:06:06]} 24. Bd1 {[%emt 0:02:12]} Nf3+ {[%emt 0:02:58]} 25. Bxf3 {[%emt 0:01:44]} Bxf3 {[%emt 0:00:05]} 26. d4 {[%emt 0:01:19]} Rg6 {[%emt 0:01:24]} 27. dxe5 {[%emt 0:00:13]} fxe5 {[%emt 0:00:18]} 0-1

[Event "17th Aeroflot Open-A 2019"]
[Site "Moscow"]
[Date "2019.02.19"]
[Round "1.20"]
[White "Indjic, Aleksandar"]
[Black "Lobanov, Sergei"]
[Result "*"]
[WhiteElo "2630"]
[BlackElo "2526"]
[Annotator "TA"]
[PlyCount "31"]
[EventDate "2019.02.19"]
[EventCountry "RUS"]
[SourceTitle "playchess.com"]
[Source "ChessBase"]
[SourceQuality "1"]

{[%evp 14,19,20,-8,12,10,15,0]} 1. Nf3 Nf6 2. g3 d5 3. Bg2 c6 4. O-O Bg4 5. d3 Nbd7 6. c4 e6 7. cxd5 exd5 8. Qc2 {The position is equal.} Bd6 {A11: English Opening: 1...c6} 9. e4 O-O 10. h3 {Predecessor:} Bh5 $146 11. Nh4 Re8 12. Nc3 dxe4 13. dxe4 Bg6 14. Nxg6 hxg6 15. f4 Nh5 16. Ne2 {1-0 (30) Rahman,Z (2523)-Mehar,C (2241) Mumbai 2009} *

[Event "17th Aeroflot Open-A 2019"]
[Site "Moscow"]
[Date "2019.02.20"]
[Round "1.20"]
[White "Indjic, Aleksandar"]
[Black "Lobanov, Sergei"]
[Result "1-0"]
[WhiteElo "2630"]
[BlackElo "2526"]
[Annotator "RC"]
[PlyCount "67"]
[EventDate "2019.02.19"]
[EventCountry "RUS"]
[SourceTitle "playchess.com"]
[Source "ChessBase"]
[SourceQuality "1"]
[TimeControl "40/5400+30:1800+30"]

1. d4 {[%emt 0:00:39]} Nf6 {[%emt 0:00:00]} 2. c4 {[%emt 0:00:17]} e6 {[%emt 0:00:05]} 3. Nc3 {[%emt 0:00:44]} Bb4 {[%emt 0:00:08]} 4. Qc2 {[%emt 0:01:04]} O-O {[%emt 0:00:38]} 5. Nf3 {[%emt 0:00:28]} c5 {[%emt 0:01:19]} 6. dxc5 {[%emt 0:01:13]} Na6 {[%emt 0:00:33]} 7. g3 {[%emt 0:00:33]} Nxc5 {[%emt 0:01:01]} 8. Bg2 {[%emt 0:00:10]} Nce4 {[%emt 0:00:32]} 9. O-O {[%emt 0:00:34]} Nxc3 {[%emt 0:00:24]} 10. bxc3 {[%emt 0:00:15]} Be7 {[%emt 0:02:00]} 11. e4 {[%emt 0:00:25]} d6 {[%emt 0:00:22]} 12. e5 {[%emt 0:00:41]} dxe5 {[%emt 0:00:29]} 13. Nxe5 {[%emt 0:00:12]} Qc7 {[%emt 0:00:12]} 14. Qe2 {[%emt 0:00:54]} Bd6 {[%emt 0:01:13]} 15. Bf4 {[%emt 0:02:15]} Ne8 {[%emt 0:00:31]} 16. c5 {[%emt 0:11:33]} Qxc5 {[%emt 0:00:15]} 17. c4 {[%emt 0:02:50]} Qc7 {[%emt 0:41:02]} 18. c5 {[%emt 0:06:33]} Qxc5 {[%emt 0:11:35]} 19. Rac1 {[%emt 0:00:29]} Qa5 {[%emt 0:01:09]} 20. Rfd1 {[%emt 0:00:48]} Be7 {[%emt 0:04:25]} 21. h4 {[%emt 0:04:41]} Nf6 {[%emt 0:03:05]} 22. h5 {[%emt 0:06:43]} Nd5 {[%emt 0:03:20]} 23. h6 {[%emt 0:24:49]} Nxf4 {[%emt 0:05:31]} 24. gxf4 {[%emt 0:01:49]} g6 {[%emt 0:02:28]} 25. Bh3 {[%emt 0:09:30]} Bf6 {[%emt 0:06:31]} 26. Rd3 {[%emt 0:08:32]} b6 {[%emt 0:04:50]} 27. Qe3 {[%emt 0:02:08]} Bb7 {[%emt 0:07:56]} 28. Nd7 {[%emt 0:02:51]} Bb2 {[%emt 0:00:20]} 29. Rc7 {[%emt 0:03:40]} Ba6 {[%emt 0:01:22]} 30. Nxf8 {[%emt 0:02:28]} Bxd3 {[%emt 0:00:29]} 31. Nxe6 {[%emt 0:00:13]} Bf5 {[%emt 0:01:08]} 32. Ng5 {[%emt 0:00:36]} Rf8 {[%emt 0:00:30]} 33. Rxf7 {[%emt 0:01:09]} Bf6 {[%emt 0:00:35]} 34. Rxf6 {[%emt 0:00:45]} 1-0

[Event "17th Aeroflot Open-A 2019"]
[Site "Moscow"]
[Date "2019.02.19"]
[Round "1.21"]
[White "Vishnu Prasanna. V"]
[Black "Sarana, Alexey"]
[Result "*"]
[WhiteElo "2524"]
[BlackElo "2630"]
[Annotator "TA"]
[PlyCount "32"]
[EventDate "2019.02.19"]
[EventCountry "RUS"]
[SourceTitle "playchess.com"]
[Source "ChessBase"]
[SourceQuality "1"]

{[%evp 15,19,22,28,6,31,0]} 1. e4 c5 2. Nf3 d6 3. d4 cxd4 4. Nxd4 Nf6 5. Nc3 a6 6. Bg5 e6 7. Be2 Nc6 8. O-O Be7 9. Qd3 {B62: Sicilian: Richter-Rauzer: 6...e6: Unusual White 7th moves} h6 10. Bd2 {Predecessor:} O-O $146 11. Rad1 Nxd4 12. Qxd4 Qc7 13. Kh1 b5 14. a3 Bb7 15. f4 Rfd8 16. f5 e5 {0-1 (49) Smith,A (2275)-Malisauskas,V (2526) Paide 1999} *

[Event "17th Aeroflot Open-A 2019"]
[Site "Moscow"]
[Date "2019.02.20"]
[Round "1.21"]
[White "Vishnu Prasanna. V"]
[Black "Sarana, Alexey"]
[Result "0-1"]
[WhiteElo "2524"]
[BlackElo "2630"]
[Annotator "TA"]
[PlyCount "150"]
[EventDate "2019.02.19"]
[EventCountry "RUS"]
[SourceTitle "playchess.com"]
[Source "ChessBase"]
[SourceQuality "1"]

{[%evp 15,150,7,18,12,16,4,0,-9,-3,-6,-4,-3,-4,0,-8,-9,0,-14,-15,-43,-38,-51,-52,-125,-125,-126,-114,-160,-154,-160,-24,-29,0,0,-3,-2,-2,-11,0,0,0,0,0,0,0,0,16,7,12,10,25,26,35,12,12,-12,-12,-13,-16,-16,-6,-84,-78,-86,-102,-116,-64,-114,-74,-87,-81,-91,-15,-62,-15,-16,0,-117,-95,-160,-154,-154,-153,-146,-113,-121,-128,-117,-117,-118,-113,-106,-106,-106,-36,-106,-106,-106,-106,-87,-87,-101,-86,-145,-145,-145,-145,-146,-143,-433,-168,-499,-168,-168,-161,-154,-154,-146,-131,-333,-419,-523,-495,-385,-381,-285,-217,-246,-227,-924,-924,-873,-890,-875,-825,-798,-780]} 1. Nf3 d5 2. b3 Nf6 3. Bb2 g6 4. c4 dxc4 5. bxc4 c5 6. g3 Bg7 7. Bg2 O-O 8. O-O Nc6 9. Na3 $146 {A05: Réti Opening: 1 Nf3 Nf6} ({Predecessor:} 9. Ne5 Na5 10. Qc2 Nd7 11. Nxd7 Bxd7 12. Bxg7 Kxg7 13. Bxb7 Nxb7 14. Qb2+ Kg8 15. Qxb7 Bh3 16. Rd1 Be6 {1-0 (38) So,W (2778)-Giri,A (2782) Leuven 2018}) 9... Bg4 10. Rb1 Qd7 11. Nc2 {The position is equal.} Rad8 12. d3 b6 13. Ne3 Bh3 14. Ne5 Nxe5 15. Bxe5 h5 16. Bxh3 Qxh3 17. Bxf6 Bxf6 18. Qa4 h4 19. Qc6 (19. Qxa7 $15 Rd7 20. Qxb6) 19... hxg3 $17 20. hxg3 Kg7 $1 21. Qg2 Qh5 $1 22. g4 Qh4 (22... Qe5 $1 $17 {aiming for ...Bg5.} 23. Qh2 Qe6) 23. Qh2 $11 Rd4 (23... Rh8 {feels hotter.} 24. Qxh4 Rxh4 25. Kg2 e6 26. Rh1 Rdh8) 24. Qxh4 Bxh4 25. Kg2 Bg5 26. Kg3 {Threatens to win with f4.} Bf4+ 27. Kf3 {Black must now prevent Nc2.} Be5 28. Rh1 e6 29. Rbg1 Rf4+ 30. Kg2 Kf6 31. g5+ Ke7 32. Kf1 Rd8 33. Ng4 Bg7 34. Rh7 Kf8 $1 35. Nh2 Kg8 36. Rh3 {[#]} b5 $1 $36 {[%mdl 2560] Black is pushing.} 37. cxb5 Rb8 38. Rf3 (38. Rg4 $1 $11 {keeps the balance.} Rxg4 39. Nxg4) 38... Rh4 $17 39. Ng4 Rxb5 {And now ...Rb1+ would win.} 40. Rgg3 {[#]} Rb4 ({Black should play} 40... c4 $1 $17 {[%cal Rc4c3][%mdl 512]} 41. dxc4 Rxg5 42. Nf6+ Bxf6 43. Rxf6 Rxg3 44. fxg3 Rxc4) 41. e4 Rb1+ 42. Kg2 Rhh1 {[%csl Gh1][%cal Rb1g1]} 43. Rf4 Rbg1+ 44. Kf3 Rd1 45. e5 $1 Rhe1 46. Kg2 (46. Nf6+ $11 Bxf6 47. exf6) 46... Rxe5 47. Nf6+ (47. Ne3 $142 Rxd3 48. Ra4) 47... Bxf6 $1 48. gxf6 {[%mdl 4096] Endgame KRR-KRR} Rd2 49. a3 a5 50. Ra4 Rf5 51. Rf3 Rxf3 52. Kxf3 Rxd3+ {KR-KR} 53. Ke2 Rd5 $1 54. Rxa5 Re5+ (54... g5 $1 $17) 55. Kf1 (55. Kd2 $15) 55... g5 56. Ra7 c4 57. Rc7 Ra5 58. Rxc4 Kh7 $1 59. a4 (59. Rg4 $142) 59... Kg6 60. Ke2 Kxf6 61. Kd3 Ke5 62. f3 $2 {[%mdl 8192]} (62. Rg4 $17) 62... Kd6 $2 (62... f5 63. Rb4 Rd5+ 64. Kc3 Ra5) 63. Rb4 $2 (63. Rg4 {nothing else works.}) 63... Kd5 $2 (63... f5 64. Kd4 Rd5+ 65. Ke3 Rd1 66. Rb6+ Ke5 67. Rb5+ Kf6) 64. Rg4 f6 65. Rd4+ Kc5 66. Rc4+ Kd6 67. Rb4 $2 (67. Rg4 $17) 67... f5 $1 $19 68. Rb6+ Kd5 69. Rb4 Kc6 70. Kd2 Rd5+ 71. Ke2 {[#]} Re5+ $1 72. Kf2 $2 {[#]} (72. Kd2) 72... Ra5 $1 {Black is clearly winning.} 73. Kg3 Kc5 74. Rb8 Rxa4 75. Rg8 {[#]} g4 $1 {Accuracy: White = 38%, Black = 60%.} 0-1

[Event "17th Aeroflot Open-A 2019"]
[Site "Moscow"]
[Date "2019.02.19"]
[Round "1.22"]
[White "Kobalia, Mikhail"]
[Black "Xu, Yi"]
[Result "*"]
[WhiteElo "2627"]
[BlackElo "2520"]
[Annotator "TA"]
[PlyCount "19"]
[EventDate "2019.02.19"]
[EventCountry "RUS"]
[SourceTitle "playchess.com"]
[Source "ChessBase"]
[SourceQuality "1"]

{[%evp 13,19,6,8,9,12,0,0,0]} 1. e4 e5 2. Nf3 Nf6 3. Nxe5 d6 4. Nf3 Nxe4 5. Nc3 Nxc3 6. dxc3 Be7 7. Be3 O-O {The position is equal.} 8. Bd3 {C42: Petroff Defence: 3 Nxe5 and unusual White 3rd moves} (8. Qd2 Nd7 9. O-O-O c6 10. Kb1 d5 11. Bd3 Nc5 12. h4 Nxd3 13. Qxd3 Qd6 14. c4 Rd8 15. cxd5 Qxd5 16. Qxd5 cxd5 17. Nd4 Bd7 18. Nb3 Bf5 19. Nd4 Bd7 20. Nb3 Bf5 21. Nd4 {½-½ (21) Aronian,L (2765)-Caruana,F (2832) London 2018}) 8... Nd7 9. Qe2 c6 $146 ({Predecessor:} 9... Nc5 10. Bc4 d5 11. Bd3 Nxd3+ 12. Qxd3 c5 13. h4 h6 14. O-O-O Be6 15. Rdg1 Qa5 {1-0 (53) Ponomariov,R (2694)-Ni,H (2671) Riadh 2017}) 10. O-O-O *

[Event "17th Aeroflot Open-A 2019"]
[Site "Moscow"]
[Date "2019.02.20"]
[Round "1.22"]
[White "Kobalia, Mikhail"]
[Black "Xu, Yi"]
[Result "1/2-1/2"]
[WhiteElo "2627"]
[BlackElo "2520"]
[Annotator "TA"]
[PlyCount "94"]
[EventDate "2019.02.19"]
[EventCountry "RUS"]
[SourceTitle "playchess.com"]
[Source "ChessBase"]
[SourceQuality "1"]

{[%evp 11,94,28,34,0,19,0,0,0,0,-47,-25,-48,-57,-95,-85,-85,-82,-87,-71,-81,-66,-67,-64,-55,-45,-60,-71,-51,90,95,61,26,20,30,23,24,77,74,247,247,348,350,276,182,180,174,153,17,17,17,17,17,17,17,18,8,8,0,0,0,8,8,8,0,0,0,0,0,0,0,0,0,0,0,0,0,0,0,0,0,0,0,0,0,0]} 1. e4 e5 2. Nf3 Nf6 3. Nxe5 d6 4. Nf3 Nxe4 5. c4 Be7 6. d4 d5 7. Qc2 {C42: Petroff Defence: 3 Nxe5 and unusual White 3rd moves} (7. Nc3 Nxc3 8. bxc3 Be6 9. cxd5 Bxd5 10. Bd3 O-O 11. O-O Bf6 12. Be3 Re8 13. Rb1 b6 14. c4 Bb7 {½-½ (39) Ponkratov,P (2605)-Kuzubov,Y (2695) Amol 2018}) 7... O-O 8. Bd3 Nc6 9. a3 $1 Nf6 $146 ({Predecessor:} 9... Bg4 10. cxd5 Bxf3 11. dxc6 Nxf2 12. Kxf2 Bxc6 13. Bxh7+ Kh8 14. Rd1 {0-1 (49) Tokhirjonova,G (2289)-Gunina,V (2520) Baku 2016}) 10. c5 Bg4 {White must now prevent ...Bxf3.} 11. Nbd2 {[#]} Ne4 $1 $36 {[%mdl 2560] Black fights for an advantage.} 12. Nb3 (12. Nxe4 Bxf3) 12... Bxf3 13. gxf3 Ng5 14. Be3 Nxf3+ 15. Ke2 Ng5 16. Rag1 a5 17. h4 Ne4 $1 18. f3 $1 {[%cal Rf3e4]} (18. Bxe4 $2 dxe4 19. Qxe4 Bf6 $17) 18... a4 19. Nd2 f5 (19... Nf6 $15 20. h5 Re8) 20. fxe4 $16 dxe4 21. Nxe4 fxe4 22. Bc4+ Kh8 23. Qxe4 Bf6 {[#]} (23... Qe8 $1 $11 {keeps the balance.}) 24. Bd3 $1 {[%csl Gd3][%cal Re4h7]} g6 $2 {[#]} (24... Nxd4+ $16 {was called for.} 25. Kd1 (25. Bxd4 $2 Re8 $19) 25... g6 26. Rxg6 Nf5 27. Qxf5 hxg6 28. Qxg6 Qxd3+ 29. Qxd3 Rfd8 30. Qxd8+ Rxd8+ 31. Kc2 Re8) 25. Rxg6 $1 $18 {[%mdl 512] Intending Rg8+! and mate.} Qd7 ({Not} 25... hxg6 26. Qxg6 Nxd4+ 27. Kd1 $16) ({Worse is} 25... Nxd4+ 26. Kd1 $16) (25... Qe7 $142) 26. Rh6 {[%mdl 64] Discovered Attack} Rf7 {Threatens to win with ...Re8.} 27. d5 Re8 28. dxc6 bxc6 29. Qxh7+ ({Don't blunder} 29. Qxa4 $2 Bd4 $19) (29. Qg6 $1 $16 Bd4 30. Rh3) 29... Rxh7 $11 {The position is equal.} 30. Rxh7+ Qxh7 31. Bxh7 Kxh7 $18 {[%mdl 4096] Endgame KRB-KRB} 32. Kd3 Bxb2 33. Rf1 Kg6 34. Rb1 Bxa3 35. Ra1 Bb2 36. Rxa4 Bf6 37. Bf2 Rd8+ 38. Ke2 Kf5 39. Ra6 Rh8 40. Ra4 Rb8 41. Ra3 Rb2+ 42. Kf3 Rb4 43. h5 Bd4 44. Bxd4 Rxd4 45. Ra6 Rh4 46. Rxc6 Rxh5 47. Ke3 Ke5 {Accuracy: White = 48%, Black = 64%.} 1/2-1/2

[Event "17th Aeroflot Open-A 2019"]
[Site "Moscow"]
[Date "2019.02.20"]
[Round "1.23"]
[White "Xu, Yinglun"]
[Black "Paravyan, David"]
[Result "1/2-1/2"]
[WhiteElo "2512"]
[BlackElo "2627"]
[Annotator "TA"]
[PlyCount "56"]
[EventDate "2019.02.19"]
[EventCountry "RUS"]
[SourceTitle "playchess.com"]
[Source "ChessBase"]
[SourceQuality "1"]

{[%evp 15,56,28,29,21,47,38,52,71,55,0,0,0,0,0,0,0,0,0,0,0,10,0,0,0,0,0,0,0,0,0,0,0,0,0,0,0,0,0,0,0,0,0,0]} 1. d4 d5 2. c4 e6 3. Nf3 Nf6 4. Nc3 Bb4 5. Bg5 h6 6. Bxf6 Qxf6 7. e3 O-O 8. Rc1 Nd7 9. Qb3 {D38: Queen's Gambit Declined: Ragozin Defence (4 Nf3 Bb4)} c5 (9... Bxc3+ 10. Qxc3 c6 11. b4 dxc4 12. Bxc4 b6 13. O-O Bb7 14. Rfd1 Qe7 15. Be2 Rfc8 16. Qb3 a5 17. a3 axb4 18. axb4 Rab8 {½-½ (18) Harikrishna,P (2731)-Aronian,L (2770) Tsaghkadzor 2015}) 10. cxd5 exd5 11. Qxd5 {White is slightly better.} Nb6 12. Qe5 $146 (12. Qh5 $14) ({Predecessor:} 12. Qh5 Na4 13. Be2 Bf5 14. O-O Nxc3 15. bxc3 Ba3 16. Rcd1 Bb2 17. dxc5 Bxc3 {1-0 (43) Brzoza,M (2235)-Figiel,R ICCF email 2014}) 12... Qxe5 $11 {The position is equal.} 13. Nxe5 cxd4 14. exd4 Rd8 15. a3 Be7 16. Nf3 Bf6 17. Be2 Bxd4 18. Nxd4 Rxd4 19. Rd1 Rxd1+ 20. Kxd1 Be6 21. Bd3 Rc8 22. Re1 Kf8 23. Kd2 Nc4+ 24. Bxc4 Rxc4 25. g3 Ke7 26. Kd3 {[#] Hoping for Rxe6+!} Rc6 27. Re4 Rd6+ 28. Ke3 Kd7 {Accuracy: White = 79%, Black = 76%.} 1/2-1/2

[Event "17th Aeroflot Open-A 2019"]
[Site "Moscow"]
[Date "2019.02.19"]
[Round "1.23"]
[White "Xu, Yinglun"]
[Black "Paravyan, David"]
[Result "*"]
[WhiteElo "2512"]
[BlackElo "2627"]
[Annotator "TA"]
[PlyCount "26"]
[EventDate "2019.02.19"]
[EventCountry "RUS"]
[SourceTitle "playchess.com"]
[Source "ChessBase"]
[SourceQuality "1"]

{[%evp 20,26,22,12,8,8,16,10,10]} 1. d4 d5 2. c4 e6 3. Nf3 Nd7 4. cxd5 exd5 5. Nc3 Ngf6 6. Bg5 Be7 7. e3 O-O 8. Bd3 Re8 9. O-O c6 10. Qc2 g6 11. Rab1 {The position is equal.} Ne4 {D36: Queen's Gambit Declined: Exchange Variation: Main line (5 Bg5 c6 6 Qc2)} (11... Nb6 12. Ne5 a5 13. Rbe1 Ng4 14. Bxe7 Qxe7 15. f4 Nh6 16. e4 dxe4 17. Nxe4 Bf5 18. Ng3 Bxd3 19. Qxd3 {½-½ (49) Shtembuliak,E (2501)-Rambaldi,F (2563) Columbus 2017}) 12. Bxe7 Qxe7 13. b4 Nb6 $146 ({Predecessor:} 13... Ndf6 14. b5 c5 15. dxc5 Nxc5 16. Rbc1 b6 17. Be2 Bb7 18. Nd4 Rac8 19. Rfd1 {½-½ (54) Klaus,D (2432)-Bucur,M (2410) ICCF email 2010}) *

[Event "17th Aeroflot Open-A 2019"]
[Site "Moscow"]
[Date "2019.02.19"]
[Round "1.24"]
[White "Grachev, Boris"]
[Black "Gukesh D"]
[Result "*"]
[WhiteElo "2626"]
[BlackElo "2508"]
[Annotator "TA"]
[PlyCount "11"]
[EventDate "2019.02.19"]
[EventCountry "RUS"]
[SourceTitle "playchess.com"]
[Source "ChessBase"]
[SourceQuality "1"]

{[%evp 9,11,0,44,37]} 1. Nf3 d5 2. e3 c5 3. b3 g6 4. Bb2 Nf6 5. Bb5+ (5. Bxf6 exf6 6. c3 Nc6 7. d4 b6 8. Bb5 Bb7 9. O-O a6 10. Bd3 Bd6 11. Re1 O-O 12. g3 Qc7 {½-½ (73) Nakamura,H (2786)-Caruana,F (2802) chess.com INT 2017}) 5... Nc6 {LiveBook: 8 Games} 6. Nc3 $146 {A06: Réti Opening:1 Nf3 d5} ({Predecessor:} 6. Bxc6+ bxc6 7. O-O Bg7 8. d3 O-O 9. Nc3 Ba6 10. Na4 Nd7 11. Bxg7 Kxg7 12. c4 e5 13. Re1 {1-0 (38) Anton Guijarro,D (2666)-Khairat,A (2211) Riadh 2017}) *

[Event "17th Aeroflot Open-A 2019"]
[Site "Moscow"]
[Date "2019.02.20"]
[Round "1.24"]
[White "Grachev, Boris"]
[Black "Gukesh D"]
[Result "1-0"]
[WhiteElo "2626"]
[BlackElo "2508"]
[Annotator "TA"]
[PlyCount "59"]
[EventDate "2019.02.19"]
[EventCountry "RUS"]
[SourceTitle "playchess.com"]
[Source "ChessBase"]
[SourceQuality "1"]

{[%evp 18,59,18,18,45,37,37,29,34,20,31,27,25,31,55,73,111,105,110,99,112,108,112,81,143,121,260,307,297,301,286,233,450,448,506,499,502,509,508,501,29986,29987,29996,29997]} 1. d4 d5 2. c4 c6 3. Nf3 Nf6 4. e3 e6 5. Bd3 Nbd7 6. O-O Bd6 7. Nbd2 O-O 8. e4 e5 9. cxd5 cxd5 10. Re1 Re8 {D05: Colle System with ...e6} (10... h6 11. exd5 exd4 12. Nc4 Nb6 13. Nxd6 Qxd6 14. Nxd4 Nbxd5 15. Bf1 Rd8 16. Nb5 Qb6 17. Qf3 Bd7 18. Nc3 Bc6 19. Nxd5 Rxd5 20. b3 Re5 21. Qc3 Ng4 22. Be3 Nxe3 23. Qxe5 {½-½ (23) Onischuk,A (2685)-Duda,J (2697) Khanty-Mansiysk 2017}) 11. exd5 exd4 12. Ne4 Nxe4 {White has an edge.} 13. Rxe4 Nc5 14. Rxd4 Nxd3 15. Qxd3 Bc5 $146 ({Predecessor:} 15... Bd7 16. Be3 h6 17. Re4 Qa5 18. Rxe8+ Rxe8 19. h3 b6 20. a3 {½-½ (20) Djukanovic,S (2294)-Kalezic,B (2457) Tivat 2011}) 16. Re4 b6 17. Rxe8+ Qxe8 18. Be3 Bxe3 19. fxe3 Bb7 20. Ng5 g6 ({Black should try} 20... Qe5 21. Qxh7+ Kf8) 21. Qd4 $40 {[%mdl 128] [#] And now Ne4 would win. White attacks with force.} Qe7 (21... Qd8 $16 {might work better.}) 22. Ne4 $18 f5 23. Nf6+ Kf7 24. Rc1 ({Much less strong is} 24. Nxh7 $6 Rd8 $18) 24... Rd8 $2 (24... Rc8 {keeps fighting.} 25. Rxc8 Bxc8) 25. e4 fxe4 {Black wants to play ...e3.} 26. Rf1 Ba6 27. Rf4 {Ng4+ is the strong threat.} ({Less strong is} 27. d6 Rxd6 28. Nxe4+ Bxf1 $16) 27... g5 28. Nh5+ ({Weaker is} 28. Rf5 Kg6 $18) 28... Kg6 (28... Kg8 $18 29. Rxe4 Qc5 30. Qxc5 bxc5) 29. Rf6+ Kxh5 {[#]} 30. g4+ $1 {[%mdl 576] Decoy. Accuracy: White = 98%, Black = 30%.} 1-0

[Event "17th Aeroflot Open-A 2019"]
[Site "Moscow"]
[Date "2019.02.19"]
[Round "1.25"]
[White "Afanasiev, Nikita"]
[Black "Khismatullin, Denis"]
[Result "*"]
[WhiteElo "2508"]
[BlackElo "2621"]
[Annotator "TA"]
[PlyCount "16"]
[EventDate "2019.02.19"]
[EventCountry "RUS"]
[SourceTitle "playchess.com"]
[Source "ChessBase"]
[SourceQuality "1"]

{[%evp 11,16,-5,0,-20,-15,-19,-25]} 1. d4 Nf6 2. Nf3 e6 3. Bf4 d5 4. e3 Bd6 5. Bg3 O-O 6. Nbd2 b6 {The position is equal.} 7. c4 {D02: 1 d4 d5 2 Nf3 sidelines, including 2...Nf6 3 g3 and 2...Nf6 3 Bf4} (7. c3 c5 8. Bd3 Ba6 9. Bxa6 Nxa6 10. O-O Bxg3 11. hxg3 Qc7 12. Qe2 Nb8 13. e4 dxe4 14. Nxe4 Nbd7 {1-0 (55) Duda,J (2738)-Giri,A (2783) St Petersburg 2018}) 7... Bb7 8. Rc1 c5 $146 ({Predecessor:} 8... Qe7 9. Bh4 dxc4 10. Bxc4 Nbd7 11. O-O e5 12. d5 h6 13. e4 a6 14. Bd3 Rfc8 {0-1 (40) Asuela,E (2280)-Short,N (2664) Pattaya 2015}) *